Upper Missouri River Breaks National Monument : public lands USA: use, share, appreciate.

Bibliographic Details
Corporate Authors: United States. Bureau of Land Management, United States. Bureau of Land Management. Lewistown Field Office
Format: Government Document Book
Language:English
Published: Lewistown, Montana : Bureau of Land Management, Lewistown Field Office, [2005?]
Subjects:

MARC

Tag First Indicator Second Indicator Subfields
LEADER 00000cam a2200000Ia 4500
001 in00002060708
005 20151102050217.0
008 050623s2005 mtuab f000 0 eng d
035 |a (OCoLC)ocm62703613 
040 |a MNU  |c MNU  |d SPI  |d GPO  |d MvI  |d UtOrBLW 
043 |a n-us-mt 
049 |a UDOC 
074 |a 0631 
086 0 |a I 53.2:M 69 O/2005 
088 |a BLM/MT/GI-05/001 
110 1 |a United States.  |b Bureau of Land Management. 
245 1 0 |a Upper Missouri River Breaks National Monument :  |b public lands USA: use, share, appreciate. 
246 3 0 |a Public lands USA: use, share, appreciate 
264 1 |a Lewistown, Montana :  |b Bureau of Land Management, Lewistown Field Office,  |c [2005?] 
300 |a 1 folded sheet :  |b color illustrations, maps ( 1 color ) ;  |c 46 x 40 cm., folded to 23 x 10 cm. 
336 |a text  |b txt  |2 rdacontent 
337 |a unmediated  |b n  |2 rdamedia 
338 |a sheet  |b nb  |2 rdacarrier 
500 |a Shipping list number: 2005-0159-P. 
500 |a Cover title. 
500 |a "BLM/MT/GI-05/001." 
500 |a Shipping List Date: 06/21/2005 
650 0 |a National monuments  |z Montana. 
651 0 |a Upper Missouri River Breaks National Monument (Mont.) 
710 1 |a United States.  |b Bureau of Land Management.  |b Lewistown Field Office. 
999 |a MARS 
999 f f |s f69491f4-6212-315e-a004-4c81a063e840  |i d5d16538-1679-399d-be3e-281474682d9d  |t 0 
952 f f |p normal  |a Texas A&M University  |b College Station  |c Sterling C. Evans Library  |d Evans: Maps (2nd floor)  |t 0  |e I 53.2:M 69 O/2005  |h Superintendent of Documents classification  |i unmediated -- sheet  |m A14829507123 
998 f f |a I 53.2:M 69 O/2005  |t 0  |l Evans: Maps (2nd floor)